Crossing Borders - U.S. States - Statistics

General Stats
  • This quiz has been taken 25 times
  • The average score is 19 of 20
Answer Stats
Hint Answer % Correct
Most populous state California
100%
Home of the Indianapolis 500 Indiana
100%
Is named after a country, but "better" New Mexico
100%
Was a main destination for immigrants New York
100%
Has the only non-rectangular state flag Ohio
100%
Was founded by the Quakers Pennsylvania
100%
The Lone Star State Texas
100%
Its capital is Little Rock Arkansas
95%
The capital is Des Moines Iowa
95%
The state that has the highest percentage of French speakers Maine
95%
Named after one of the Great Lakes Michigan
95%
BYU is located here Utah
95%
Famous for Cheese Heads Wisconsin
95%
Capital is the name of a president Nebraska
90%
Home of the Comstock Lode Nevada
90%
Has the hottest city in the U.S. as its capital Arizona
86%
Where the Mayflower landed Massachusetts
86%
Was mostly the Indian Territory for decades Oklahoma
86%
Has a big art Missouri
81%
The state motto is "Live Free or Die" New Hampshire
81%
No matching quizzes found
Score Distribution
Percent of People with Each Score
Percentile by Number Answered
Your Score History
You have not taken this quiz